[Event "Masters-Juniors"]
[Site "Montreal CAN"]
[Date "1997.??.??"]
[Round "6"]
[White "Lesiege, Alexandre"]
[Black "Hua, Lefong"]
[Result "1-0"]
[WhiteElo "2550"]
[BlackElo "2210"]
[WhiteFideId "-1"]
[WhiteFideId "-1"]
[PlyCount "111"]
[GameId "2160767911874339"]
[EventDate "1997.12.17"]
[EventType "schev"]
[EventRounds "6"]
[EventCountry "CAN"]
[SourceTitle "EXT 2001"]
[Source "ChessBase"]
[SourceDate "2000.11.22"]
[SourceVersion "1"]
[SourceVersionDate "2000.11.22"]
[SourceQuality "1"]

1. d4 Nf6 2. c4 e6 3. Nc3 c5 4. Nf3 cxd4 5. Nxd4 d5 6. Bg5 dxc4 7. e4 Bc5 8. Nc2 Qb6 9. Qd2 Nbd7 10. Bxc4 O-O 11. O-O Qc6 12. Bb5 Qc7 13. Bf4 e5 14. Be3 a6 15. Bc4 b5 16. Bd5 Bb7 17. Rac1 Rfd8 18. b4 Bxe3 19. Nxe3 Qb6 20. Qb2 Nf8 21. Bxb7 Qxb7 22. Ncd5 Nxe4 23. Rc7 Qb8 24. Qxe5 Ne6 25. Rfc1 Nxc7 26. Rxc7 Re8 27. Qf4 f6 28. Qg4 Ng5 29. Qd7 Ne6 30. Nxf6+ Kh8 31. Nxe8 Qxe8 32. Qxe8+ Rxe8 33. Rc6 Nf4 34. Rxa6 Nd5 35. a3 h6 36. Rb6 Nxe3 37. fxe3 Rxe3 38. Rxb5 Rxa3 39. Rc5 Ra1+ 40. Kf2 Rb1 41. b5 Kh7 42. h4 Rb2+ 43. Kf3 Kg6 44. Ke4 Rxg2 45. h5+ Kf6 46. Kd5 g5 47. hxg6 h5 48. b6 h4 49. b7 Rb2 50. Kc6 h3 51. Kc7 h2 52. Rc1 Rc2+ 53. Rxc2 h1=Q 54. b8=Q Kg7 55. Qb2+ Kg8 56. Rh2 1-0

[Event "Quebec-ch classe"]
[Site "Trois-Rivieres CAN"]
[Date "1997.10.11"]
[Round "3"]
[White "Hua, Lefong"]
[Black "Lesiege, Alexandre"]
[Result "0-1"]
[WhiteElo "2153"]
[BlackElo "2552"]
[WhiteFideId "-1"]
[WhiteFideId "-1"]
[PlyCount "76"]
[GameId "2160767911931922"]
[EventDate "1997.10.10"]
[EventType "swiss"]
[EventRounds "5"]
[EventCountry "CAN"]
[SourceTitle "Echec+ 1998.01"]

1. d4 Nf6 2. c4 e6 3. Nf3 c5 4. d5 exd5 5. cxd5 d6 6. Nc3 g6 7. e4 Bg7 8. Be2 O-O 9. Nd2 Re8 10. O-O Na6 11. a4 Nc7 12. f4 Rb8 13. Bf3 b6 14. Re1 Bb7 15. Nc4 Qd7 16. g4 Ba6 17. Ne3 h6 18. g5 hxg5 19. fxg5 Nh7 20. Ng4 Qe7 21. h4 Bc8 22. Bf4 Bxg4 23. Bxg4 Bd4+ 24. Kg2 b5 25. axb5 Nxb5 26. Qd2 Be5 27. Bxe5 Qxe5 28. Bd7 Nxc3 29. bxc3 Re7 30. Bg4 f6 31. gxf6 Nxf6 32. Be6+ Kg7 33. Ra2 Rb3 34. Rc2 Reb7 35. Qd3 Rb2 36. Ree2 Nh5 37. Rxb2 Rxb2 38. Qa6 Rxe2+ 0-1

[Event "Montreal op"]
[Site "Montreal CAN"]
[Date "1997.08.30"]
[Round "1"]
[White "Lesiege, Alexandre"]
[Black "Fontaine, Jacques"]
[Result "1-0"]
[WhiteElo "2558"]
[BlackElo "1986"]
[WhiteFideId "-1"]
[WhiteFideId "-1"]
[PlyCount "71"]
[GameId "2160767911932144"]
[EventDate "1997.08.30"]
[EventType "swiss"]
[EventRounds "5"]
[EventCountry "CAN"]

1. d4 Nf6 2. c4 g6 3. Nc3 d5 4. Nf3 Bg7 5. Bg5 c6 6. e3 Ne4 7. Bh4 Bg4 8. Qb3 Qa5 9. Qxb7 O-O 10. Bxe7 Bc8 11. Qb4 Qc7 12. Bxf8 Bxf8 13. c5 Na6 14. Qa4 Nb8 15. Bd3 Bf5 16. Qc2 Qe7 17. Nd2 Na6 18. a3 Nc7 19. Ndxe4 dxe4 20. Bxe4 Ne6 21. O-O Ng7 22. Rad1 Re8 23. Bxf5 Nxf5 24. e4 Nh6 25. b4 Qh4 26. e5 Nf5 27. Qe4 Qg5 28. Qxc6 Rd8 29. Ne4 Qh4 30. Nd6 Nxd4 31. Rxd4 Qxd4 32. Qc7 Ra8 33. Qxf7+ Kh8 34. Qb7 Rd8 35. Nf7+ Kg8 36. Nxd8 1-0

[Event "Montreal op"]
[Site "Montreal CAN"]
[Date "1997.08.30"]
[Round "2"]
[White "Laurain, Guy"]
[Black "Lesiege, Alexandre"]
[Result "0-1"]
[WhiteElo "2103"]
[BlackElo "2558"]
[WhiteFideId "-1"]
[WhiteFideId "-1"]
[PlyCount "55"]
[GameId "2160767911932145"]
[EventDate "1997.08.30"]
[EventType "swiss"]
[EventRounds "5"]
[EventCountry "CAN"]

1. e4 c5 2. Nf3 d6 3. c4 Bg4 4. d3 Nc6 5. Nbd2 g6 6. h3 Bxf3 7. Nxf3 Bg7 8. Be2 e6 9. O-O Nge7 10. Rb1 O-O 11. a3 Qd7 12. b4 b6 13. Be3 f5 14. b5 Ne5 15. Qd2 Rad8 16. Rbd1 Nf7 17. Ng5 Kh8 18. Nxf7+ Rxf7 19. a4 a5 20. f4 Qc7 21. Qe1 Rdf8 22. g4 Ng8 23. Qg3 Qe7 24. g5 e5 25. exf5 Rxf5 26. Bg4 exf4 27. Bxf4 Rxf4 28. Rxf4 0-1

[Event "Montreal op"]
[Site "Montreal CAN"]
[Date "1997.08.31"]
[Round "3"]
[White "Lesiege, Alexandre"]
[Black "Pineault, Denis"]
[Result "1-0"]
[WhiteElo "2558"]
[BlackElo "2153"]
[WhiteFideId "-1"]
[WhiteFideId "-1"]
[PlyCount "61"]
[GameId "2160767911932150"]
[EventDate "1997.08.30"]
[EventType "swiss"]
[EventRounds "5"]
[EventCountry "CAN"]

1. d4 Nf6 2. c4 Nc6 3. Nf3 e6 4. g3 Bb4+ 5. Nbd2 d5 6. Qc2 Ne4 7. Bg2 O-O 8. O-O f5 9. e3 Be7 10. a3 a5 11. b3 Qe8 12. Bb2 Qh5 13. Nxe4 fxe4 14. Nd2 Rf6 15. Qd1 Qxd1 16. Raxd1 a4 17. b4 b5 18. cxd5 exd5 19. Rc1 Bg4 20. Nxe4 dxe4 21. Bxe4 Ra6 22. d5 Nd8 23. Bxf6 Bxf6 24. Rxc7 Be2 25. Rfc1 Bc4 26. R1xc4 bxc4 27. Rxc4 Bb2 28. b5 Rb6 29. Rc8 Bf6 30. Bd3 Kf8 31. Ra8 1-0

[Event "Montreal op"]
[Site "Montreal CAN"]
[Date "1997.08.31"]
[Round "4"]
[White "Linskiy, Oleg"]
[Black "Lesiege, Alexandre"]
[Result "1/2-1/2"]
[WhiteElo "2390"]
[BlackElo "2558"]
[WhiteFideId "-1"]
[WhiteFideId "-1"]
[PlyCount "86"]
[GameId "2160767911932151"]
[EventDate "1997.08.30"]
[EventType "swiss"]
[EventRounds "5"]
[EventCountry "CAN"]

1. d4 Nf6 2. Nf3 e6 3. c4 c5 4. g3 cxd4 5. Nxd4 Bb4+ 6. Bd2 Qb6 7. e3 Nc6 8. Bg2 d5 9. O-O Bxd2 10. Qxd2 Nxd4 11. exd4 dxc4 12. Na3 O-O 13. Nxc4 Qa6 14. Ne3 Rd8 15. Qb4 Bd7 16. Bxb7 Rab8 17. Bxa6 Rxb4 18. b3 Rxd4 19. Rfd1 Be8 20. Rxd4 Rxd4 21. Rc1 Kf8 22. Rc7 Rd7 23. Rxd7 Bxd7 24. Bb7 Bb5 25. f4 Ke7 26. Kf2 h6 27. Ke1 Bd3 28. Kd2 Bb1 29. Kc3 g5 30. fxg5 hxg5 31. a4 Kd6 32. Nc4+ Kc7 33. Bf3 g4 34. Bg2 Nd7 35. h3 gxh3 36. Bxh3 Be4 37. b4 f5 38. b5 Nb6 39. a5 Nxc4 40. Kxc4 Kd6 41. b6 axb6 42. axb6 Kc6 43. Kd4 Bc2 1/2-1/2

[Event "Montreal op"]
[Site "Montreal CAN"]
[Date "1997.09.01"]
[Round "5"]
[White "Lesiege, Alexandre"]
[Black "Khassanov, Marat"]
[Result "1/2-1/2"]
[WhiteElo "2558"]
[BlackElo "2265"]
[WhiteFideId "-1"]
[WhiteFideId "-1"]
[PlyCount "127"]
[GameId "2160767911932155"]
[EventDate "1997.08.30"]
[EventType "swiss"]
[EventRounds "5"]
[EventCountry "CAN"]

1. d4 f5 2. g3 Nf6 3. Bg2 g6 4. c4 d6 5. Nf3 Bg7 6. O-O O-O 7. Nc3 Nc6 8. b3 e5 9. dxe5 dxe5 10. Ba3 e4 11. Bxf8 Qxf8 12. Nd4 Nxd4 13. Qxd4 Be6 14. Qd2 Rd8 15. Qc2 e3 16. Rad1 exf2+ 17. Kh1 f4 18. gxf4 Ng4 19. Rxd8 Qxd8 20. Qe4 Kf7 21. Qf3 Bd4 22. Nd1 Bb6 23. h3 Qh4 24. b4 Bxc4 25. Qxg4 Qxg4 26. hxg4 Bxe2 27. Bd5+ Kf6 28. Kg2 c6 29. Be4 a5 30. bxa5 Bxf1+ 31. Kxf1 Bxa5 32. g5+ Kg7 33. Kxf2 Bb6+ 34. Kf3 h6 35. gxh6+ Kxh6 36. Ne3 Kg7 37. Ng4 Bc7 38. Ne3 Bb6 39. Ke2 Kf6 40. Kf3 Bc7 41. Ng4+ Kg7 42. Nf2 Bd6 43. Kg4 Kf6 44. Nd3 Ba3 45. Ne1 Bb4 46. Nf3 Bd6 47. Nh4 Bxf4 48. Kxf4 g5+ 49. Ke3 gxh4 50. Kd4 h3 51. a4 Ke6 52. Kc5 h2 53. Kb6 Kd7 54. Kxb7 c5 55. a5 c4 56. a6 c3 57. a7 c2 58. Bc6+ Ke7 59. a8=Q c1=Q 60. Qe8+ Kf6 61. Qh8+ Ke6 62. Qxh2 Qg5 63. Qc7 Qe7 64. Qxe7+ 1/2-1/2

[Event "Drummondville"]
[Site "Drummondville CAN"]
[Date "1997.08.16"]
[Round "2"]
[White "Lesiege, Alexandre"]
[Black "Teuton, Frank"]
[Result "1/2-1/2"]
[WhiteElo "2564"]
[BlackElo "2149"]
[WhiteFideId "-1"]
[WhiteFideId "-1"]
[PlyCount "98"]
[GameId "2160767911932205"]
[EventDate "1997.08.15"]
[EventType "swiss"]
[EventRounds "5"]
[EventCountry "CAN"]
[SourceTitle "EXT 2022"]
[Source "ChessBase"]
[SourceDate "2021.10.06"]
[SourceVersion "1"]
[SourceVersionDate "2021.10.06"]
[SourceQuality "1"]

1. d4 Nf6 2. c4 Nc6 3. Nf3 e6 4. g3 Bb4+ 5. Nbd2 O-O 6. Bg2 d5 7. Qc2 Ne4 8. O-O f5 9. b3 Bc3 10. Bb2 Nxd2 11. Qxc3 Nxf1 12. Rxf1 a5 13. e3 Qd6 14. a4 Qb4 15. Qc2 Qd6 16. Rd1 Nb4 17. Qc3 b6 18. Ne5 Bb7 19. c5 Qe7 20. c6 Ba6 21. Ba3 Qd6 22. Bf1 Bxf1 23. Rxf1 g5 24. f4 g4 25. h3 gxh3 26. Rf2 Rf6 27. Qd2 Rh6 28. Kh2 Qe7 29. Rf1 Kh8 30. Qe2 Rg8 31. Qf3 Qe8 32. Bxb4 axb4 33. Ra1 Rhg6 34. Nxg6+ Rxg6 35. Rc1 Qa8 36. Qe2 Qg8 37. Rg1 Rg4 38. Kxh3 h5 39. Rg2 Qe8 40. Qc2 Qe7 41. Qf2 Qe8 42. Qc2 Kh7 43. Kh2 Qe7 44. Qd2 h4 45. gxh4 Qxh4+ 46. Kg1 Qh3 47. Rxg4 fxg4 48. Qh2 Qxh2+ 49. Kxh2 Kg6 1/2-1/2

[Event "Drummondville"]
[Site "Drummondville CAN"]
[Date "1997.08.17"]
[Round "4"]
[White "Lesiege, Alexandre"]
[Black "Hua, Lefong"]
[Result "1-0"]
[WhiteElo "2564"]
[BlackElo "2210"]
[WhiteFideId "-1"]
[WhiteFideId "-1"]
[PlyCount "77"]
[GameId "2160767911932211"]
[EventDate "1997.08.15"]
[EventType "swiss"]
[EventRounds "5"]
[EventCountry "CAN"]
[SourceTitle "EXT 2022"]
[Source "ChessBase"]
[SourceDate "2021.10.06"]
[SourceVersion "1"]
[SourceVersionDate "2021.10.06"]
[SourceQuality "1"]

1. e4 c5 2. Nf3 d6 3. d4 cxd4 4. Nxd4 Nf6 5. Nc3 g6 6. Be3 Bg7 7. f3 Nc6 8. Qd2 O-O 9. g4 Nxd4 10. Bxd4 Be6 11. O-O-O Qa5 12. a3 Rfc8 13. h4 a6 14. h5 b5 15. h6 Bh8 16. Nd5 Qxd2+ 17. Rxd2 Nxd5 18. exd5 Bxd4 19. Rxd4 Bd7 20. Bd3 Rc5 21. Kd2 Kf8 22. Rc1 a5 23. c3 Ra7 24. Rc2 Rc8 25. Rc1 Ke8 26. f4 f6 27. Re1 Kf7 28. Rde4 Be8 29. f5 g5 30. Ke3 Kf8 31. Rc1 Rc5 32. Rd4 Rac7 33. c4 Bf7 34. b4 axb4 35. axb4 Rxd5 36. cxd5 Rxc1 37. Bxb5 Rb1 38. Rc4 Rb3+ 39. Kd2 1-0

[Event "Drummondville"]
[Site "Drummondville CAN"]
[Date "1997.08.17"]
[Round "5"]
[White "Hebert, Jean"]
[Black "Lesiege, Alexandre"]
[Result "1/2-1/2"]
[WhiteElo "2444"]
[BlackElo "2564"]
[WhiteFideId "-1"]
[WhiteFideId "-1"]
[PlyCount "94"]
[GameId "2160767911932215"]
[EventDate "1997.08.15"]
[EventType "swiss"]
[EventRounds "5"]
[EventCountry "CAN"]
[SourceTitle "EXT 2022"]
[Source "ChessBase"]
[SourceDate "2021.10.06"]
[SourceVersion "1"]
[SourceVersionDate "2021.10.06"]
[SourceQuality "1"]

1. d4 Nf6 2. c4 e6 3. Nf3 d5 4. e3 Nbd7 5. Nc3 c6 6. Qc2 Bd6 7. b3 O-O 8. Be2 Qe7 9. O-O Re8 10. Rd1 b6 11. e4 Nxe4 12. Nxe4 dxe4 13. Qxe4 Bb7 14. Ne5 Nf6 15. Qe3 c5 16. Bb2 Rad8 17. Bf3 Qc7 18. h3 h6 19. Bxb7 Qxb7 20. dxc5 Bxc5 21. Bd4 Rxd4 22. Rxd4 b5 23. Rad1 bxc4 24. Nxc4 Qa6 25. Qe2 Bxd4 26. Rxd4 Rc8 27. Rd6 Qb7 28. Rd1 Qa6 29. Rd6 Qb7 30. Rd4 Nd5 31. Qd2 Qe7 32. Ne3 Nb6 33. a4 Rc7 34. a5 Nd7 35. Nc4 h5 36. Qe3 Nf6 37. Qe5 g6 38. Rd3 Nd5 39. Ne3 Rc1+ 40. Kh2 Nxe3 41. Qb8+ Kg7 42. Rxe3 Rc7 43. Re1 Rb7 44. Qe5+ Qf6 45. Qxf6+ Kxf6 46. Rc1 Ke5 47. a6 Rxb3 1/2-1/2

[Event "Quebec op"]
[Site "Montreal CAN"]
[Date "1997.07.26"]
[Round "1"]
[White "Lesiege, Alexandre"]
[Black "Girard, Robin"]
[Result "1-0"]
[WhiteElo "2520"]
[BlackElo "2241"]
[WhiteFideId "-1"]
[WhiteFideId "-1"]
[PlyCount "67"]
[GameId "2160767911932288"]
[EventDate "1997.07.26"]
[EventType "swiss"]
[EventRounds "9"]
[EventCountry "CAN"]
[SourceTitle "EXT 97"]
[Source "ChessBase"]
[SourceDate "1997.11.17"]
[SourceVersion "1"]
[SourceVersionDate "1997.11.17"]
[SourceQuality "1"]

1. d4 d5 2. c4 e6 3. Nf3 Nf6 4. Nc3 Be7 5. Bg5 O-O 6. e3 h6 7. Bxf6 Bxf6 8. Rc1 c6 9. Bd3 Nd7 10. O-O dxc4 11. Bxc4 e5 12. h3 exd4 13. exd4 Nb6 14. Bb3 Bf5 15. Re1 Qd6 16. Ne5 Rad8 17. Qf3 Bxe5 18. dxe5 Qg6 19. Ne4 Bxe4 20. Rxe4 Nd5 21. Rce1 Qe6 22. Qg3 f5 23. exf6 Qxf6 24. Re7 Rf7 25. Rxf7 Qxf7 26. Qd3 Qf6 27. Bc2 Kf7 28. Qh7 Nf4 29. Re3 Qg5 30. Bb3+ Kf6 31. Qe4 Rd2 32. Qe7+ Kg6 33. Qe8+ Kh7 34. Bg8+ 1-0

[Event "Quebec op"]
[Site "Montreal CAN"]
[Date "1997.07.27"]
[Round "2"]
[White "Castaneda, Nelson"]
[Black "Lesiege, Alexandre"]
[Result "0-1"]
[WhiteElo "2382"]
[BlackElo "2520"]
[WhiteFideId "-1"]
[WhiteFideId "-1"]
[PlyCount "68"]
[GameId "2160767911932302"]
[EventDate "1997.07.26"]
[EventType "swiss"]
[EventRounds "9"]
[EventCountry "CAN"]
[SourceTitle "EXT 97"]
[Source "ChessBase"]
[SourceDate "1997.11.17"]
[SourceVersion "1"]
[SourceVersionDate "1997.11.17"]
[SourceQuality "1"]

1. e4 c5 2. Nf3 d6 3. d4 cxd4 4. Nxd4 Nf6 5. Nc3 a6 6. Bg5 e6 7. f4 Be7 8. Qf3 Qc7 9. O-O-O Nbd7 10. g4 b5 11. Bxf6 Bxf6 12. Bxb5 Rb8 13. Bxd7+ Bxd7 14. Qd3 g5 15. f5 O-O 16. Rhf1 Qb6 17. b3 Rbc8 18. Rf3 Qa5 19. Qd2 Qe5 20. h4 h6 21. Kb1 Rc7 22. Nde2 Rc6 23. hxg5 hxg5 24. Rd3 Rfc8 25. Rxd6 Rxc3 26. Nxc3 Rxc3 27. Rxd7 Rd3 28. c3 Rxd2 29. R1xd2 Qxc3 30. R7d3 Qa1+ 31. Kc2 Qxa2+ 32. Kd1 Qa1+ 33. Ke2 Qe5 34. Re3 Qf4 0-1

[Event "Quebec op"]
[Site "Montreal CAN"]
[Date "1997.07.27"]
[Round "3"]
[White "Lesiege, Alexandre"]
[Black "Gofshtein, Leonid"]
[Result "1-0"]
[WhiteElo "2520"]
[BlackElo "2545"]
[WhiteFideId "-1"]
[WhiteFideId "-1"]
[PlyCount "79"]
[GameId "2160767911932335"]
[EventDate "1997.07.26"]
[EventType "swiss"]
[EventRounds "9"]
[EventCountry "CAN"]
[SourceTitle "EXT 97"]
[Source "ChessBase"]
[SourceDate "1997.11.17"]
[SourceVersion "1"]
[SourceVersionDate "1997.11.17"]
[SourceQuality "1"]

1. d4 Nf6 2. c4 e6 3. Nc3 Bb4 4. e3 O-O 5. Bd3 d5 6. Nf3 c5 7. O-O dxc4 8. Bxc4 Qe7 9. Qe2 Nc6 10. a3 Bxc3 11. bxc3 e5 12. d5 e4 13. dxc6 Bg4 14. cxb7 Rab8 15. Ba6 Bh5 16. Qc4 exf3 17. e4 Nd7 18. Bf4 fxg2 19. Rfd1 Bxd1 20. Rxd1 Ne5 21. Bxe5 Qxe5 22. Rd5 Qf4 23. Rxc5 Rbd8 24. Rd5 Rxd5 25. Qxd5 Qc1+ 26. Kxg2 Qxc3 27. Qd6 Qb3 28. e5 g6 29. h4 Qb6 30. Qxb6 axb6 31. Kf3 Rd8 32. Bb5 Rb8 33. Bc6 Kf8 34. Ke4 Ke7 35. Kd5 h6 36. a4 g5 37. hxg5 h5 38. f4 h4 39. f5 Rd8+ 40. Kc4 1-0

[Event "Quebec op"]
[Site "Montreal CAN"]
[Date "1997.07.28"]
[Round "4"]
[White "Burnett, Ronald"]
[Black "Lesiege, Alexandre"]
[Result "0-1"]
[WhiteElo "2445"]
[BlackElo "2520"]
[WhiteFideId "-1"]
[WhiteFideId "-1"]
[PlyCount "74"]
[GameId "2160767911932349"]
[EventDate "1997.07.26"]
[EventType "swiss"]
[EventRounds "9"]
[EventCountry "CAN"]
[SourceTitle "EXT 97"]
[Source "ChessBase"]
[SourceDate "1997.11.17"]
[SourceVersion "1"]
[SourceVersionDate "1997.11.17"]
[SourceQuality "1"]

1. e4 c5 2. Nf3 d6 3. d4 cxd4 4. Nxd4 Nf6 5. Nc3 a6 6. g3 e6 7. Bg2 Be7 8. O-O O-O 9. f4 Nc6 10. Nb3 b5 11. Be3 Bb7 12. Qe2 Qc7 13. g4 Rfe8 14. g5 Nd7 15. Qf2 g6 16. Rad1 Bf8 17. Bh3 Rac8 18. f5 Nde5 19. Ne2 Nd8 20. fxe6 fxe6 21. Nbd4 Bxe4 22. Nf4 Qd7 23. Qh4 Ba8 24. Rf2 Bg7 25. Qg3 b4 26. Bc1 Rc4 27. Be3 Nef7 28. Bf1 Rc5 29. Ndxe6 Nxe6 30. Bxc5 Nxc5 31. Qh4 Ne4 32. Bc4 Nxf2 33. Kxf2 Re4 34. Bd3 Qf5 35. Bxe4 Qxe4 36. Qg3 Be5 37. Re1 Bxf4 0-1

[Event "Quebec op"]
[Site "Montreal CAN"]
[Date "1997.07.29"]
[Round "5"]
[White "Lesiege, Alexandre"]
[Black "Murey, Jacob"]
[Result "1-0"]
[WhiteElo "2520"]
[BlackElo "2440"]
[WhiteFideId "-1"]
[WhiteFideId "-1"]
[PlyCount "67"]
[GameId "2160767911932381"]
[EventDate "1997.07.26"]
[EventType "swiss"]
[EventRounds "9"]
[EventCountry "CAN"]
[SourceTitle "EXT 97"]
[Source "ChessBase"]
[SourceDate "1997.11.17"]
[SourceVersion "1"]
[SourceVersionDate "1997.11.17"]
[SourceQuality "1"]

1. d4 Nf6 2. c4 c6 3. Nc3 d5 4. Nf3 dxc4 5. a4 a5 6. Ne5 Nbd7 7. Nxc4 Qc7 8. g3 b5 9. Bf4 Qb7 10. Nd2 Qb6 11. Bg2 Bb7 12. Rc1 e6 13. O-O Bb4 14. Nde4 Nxe4 15. Nxe4 Ke7 16. Qd3 Rac8 17. g4 Rhd8 18. g5 bxa4 19. Qg3 Nf8 20. Be5 Ba6 21. Rc2 Rxd4 22. Bxg7 Ng6 23. h4 Rc4 24. Rxc4 Bxc4 25. h5 Bxe2 26. hxg6 Bxf1 27. Bf6+ Kd7 28. gxh7 Bxg2 29. Qd3+ Kc7 30. Be5+ Kb7 31. Qd7+ Rc7 32. Bxc7 Qxc7 33. Qxc7+ Kxc7 34. Kxg2 1-0

[Event "Quebec op"]
[Site "Montreal CAN"]
[Date "1997.07.31"]
[Round "6"]
[White "Nogueiras, Jesus"]
[Black "Lesiege, Alexandre"]
[Result "0-1"]
[WhiteElo "2535"]
[BlackElo "2520"]
[WhiteFideId "-1"]
[WhiteFideId "-1"]
[PlyCount "128"]
[GameId "2160767911932411"]
[EventDate "1997.07.26"]
[EventType "swiss"]
[EventRounds "9"]
[EventCountry "CAN"]
[SourceTitle "EXT 97"]
[Source "ChessBase"]
[SourceDate "1997.11.17"]
[SourceVersion "1"]
[SourceVersionDate "1997.11.17"]
[SourceQuality "1"]

1. c4 Nf6 2. Nc3 c5 3. Nf3 Nc6 4. g3 g6 5. Bg2 Bg7 6. d4 cxd4 7. Nxd4 O-O 8. O-O Ng4 9. e3 Nxd4 10. exd4 Nh6 11. b3 Nf5 12. Ne2 d6 13. Bb2 Rb8 14. a4 b6 15. Qd2 e5 16. Rfd1 Be6 17. dxe5 dxe5 18. Bd5 Bxd5 19. Qxd5 Qg5 20. Qe4 Rfd8 21. Rab1 h5 22. h3 Rd2 23. h4 Qd8 24. Nc3 Rd4 25. Rxd4 Qxd4 26. Rd1 Qxe4 27. Nxe4 Nd4 28. Bxd4 exd4 29. Kf1 Kf8 30. Ke2 Ke7 31. Kd3 Re8 32. Ng5 Kd6 33. Ne4+ Kc6 34. b4 f5 35. b5+ Kd7 36. Nd2 Kd6 37. Nb3 Re4 38. Nd2 Re8 39. Nb3 f4 40. gxf4 Rf8 41. Ke4 Bf6 42. Rg1 Rg8 43. Nxd4 Bxh4 44. f5 Re8+ 45. Kd3 g5 46. f6 Rf8 47. f4 Rxf6 48. fxg5 Rf4 49. g6 Bf2 50. g7 Bxg1 51. g8=Q Rxd4+ 52. Kc3 Rg4 53. Qb8+ Ke6 54. Qe8+ Kf5 55. Qxh5+ Kf4 56. Qf7+ Ke4 57. Qe7+ Kf4 58. Qxa7 Rg3+ 59. Kc2 Rg2+ 60. Kd3 Ra2 61. Qc7+ Kf3 62. Qf7+ Kg3 63. Qg6+ Kh2 64. Qh7+ Kg2 0-1

[Event "Quebec op"]
[Site "Montreal CAN"]
[Date "1997.07.31"]
[Round "7"]
[White "Lesiege, Alexandre"]
[Black "Hebert, Jean"]
[Result "1/2-1/2"]
[WhiteElo "2520"]
[BlackElo "2432"]
[WhiteFideId "-1"]
[WhiteFideId "-1"]
[PlyCount "40"]
[GameId "2160767911932426"]
[EventDate "1997.07.26"]
[EventType "swiss"]
[EventRounds "9"]
[EventCountry "CAN"]
[SourceTitle "EXT 97"]
[Source "ChessBase"]
[SourceDate "1997.11.17"]
[SourceVersion "1"]
[SourceVersionDate "1997.11.17"]
[SourceQuality "1"]

1. d4 Nf6 2. c4 g6 3. Nc3 Bg7 4. e4 d6 5. Nf3 O-O 6. Be2 e5 7. O-O Nc6 8. d5 Ne7 9. Ne1 Nd7 10. Nd3 f5 11. Bd2 Nf6 12. f3 f4 13. g4 g5 14. Be1 h5 15. h3 Ng6 16. Kg2 Rf7 17. c5 Bf8 18. cxd6 Bxd6 19. Nb5 Rh7 20. Rc1 Qf8 1/2-1/2

[Event "Quebec op"]
[Site "Montreal CAN"]
[Date "1997.08.01"]
[Round "8"]
[White "Levtchouk, George"]
[Black "Lesiege, Alexandre"]
[Result "0-1"]
[WhiteElo "2348"]
[BlackElo "2520"]
[WhiteFideId "-1"]
[WhiteFideId "-1"]
[PlyCount "48"]
[GameId "2160767911932448"]
[EventDate "1997.07.26"]
[EventType "swiss"]
[EventRounds "9"]
[EventCountry "CAN"]
[SourceTitle "EXT 97"]
[Source "ChessBase"]
[SourceDate "1997.11.17"]
[SourceVersion "1"]
[SourceVersionDate "1997.11.17"]
[SourceQuality "1"]

1. d4 Nf6 2. c4 e6 3. Nf3 Bb4+ 4. Nbd2 b6 5. a3 Bxd2+ 6. Bxd2 Bb7 7. Bg5 d6 8. e3 Nbd7 9. Qc2 h6 10. Bh4 Qe7 11. Be2 g5 12. Bg3 h5 13. h4 g4 14. Ng5 Bxg2 15. Rg1 Bb7 16. Qa4 a6 17. O-O-O Ne4 18. Nxe4 Bxe4 19. Rdf1 Bb7 20. f3 f5 21. e4 O-O-O 22. Qc2 Rdf8 23. exf5 exf5 24. Qd2 f4 0-1

[Event "Quebec-ch"]
[Site "Longueuil CAN"]
[Date "1997.06.05"]
[Round "1"]
[White "Lesiege, Alexandre"]
[Black "Saint-Pierre, Benoit"]
[Result "1-0"]
[WhiteElo "2500"]
[BlackElo "2278"]
[WhiteFideId "-1"]
[WhiteFideId "-1"]
[PlyCount "75"]
[GameId "2160767911965669"]
[EventDate "1997.06.05"]
[EventType "tourn"]
[EventRounds "9"]
[EventCountry "CAN"]
[SourceTitle "EXP 58"]
[Source "ChessBase"]
[SourceDate "1997.07.29"]
[SourceVersion "1"]
[SourceVersionDate "1997.07.29"]
[SourceQuality "1"]

1. e4 c5 2. Nc3 Nc6 3. Nge2 d6 4. d4 cxd4 5. Nxd4 Nf6 6. Be2 e5 7. Nb3 Be7 8. O-O O-O 9. f4 a6 10. a4 Qc7 11. Kh1 b6 12. Bf3 Bb7 13. Nd5 Nxd5 14. exd5 Nd8 15. f5 Rc8 16. Be4 f6 17. Be3 Nf7 18. Qh5 Bd8 19. Nd2 Ng5 20. Bxg5 fxg5 21. f6 gxf6 22. Ra3 Qf7 23. Qg4 Rc7 24. c4 Bc8 25. Bf5 Bxf5 26. Rxf5 b5 27. axb5 axb5 28. Qe4 Qd7 29. Raf3 bxc4 30. Nxc4 Qa4 31. b3 Qb4 32. h4 h6 33. hxg5 hxg5 34. Rh3 Rff7 35. Rxg5+ fxg5 36. Qg6+ Kf8 37. Rh8+ Ke7 38. Qe6# 1-0

[Event "Quebec-ch"]
[Site "Longueuil CAN"]
[Date "1997.06.06"]
[Round "2"]
[White "Linskiy, Oleg"]
[Black "Lesiege, Alexandre"]
[Result "0-1"]
[WhiteElo "2200"]
[BlackElo "2500"]
[WhiteFideId "-1"]
[WhiteFideId "-1"]
[PlyCount "50"]
[GameId "2160767911965673"]
[EventDate "1997.06.05"]
[EventType "tourn"]
[EventRounds "9"]
[EventCountry "CAN"]
[SourceTitle "EXP 58"]
[Source "ChessBase"]
[SourceDate "1997.07.29"]
[SourceVersion "1"]
[SourceVersionDate "1997.07.29"]
[SourceQuality "1"]

1. e4 c5 2. Nc3 Nc6 3. Nf3 d6 4. d4 cxd4 5. Nxd4 Nf6 6. Bg5 e6 7. Bb5 Bd7 8. Bxc6 bxc6 9. Qf3 Qb6 10. O-O-O c5 11. Nb3 Rb8 12. Qe2 a5 13. a4 h6 14. Bd2 Qb4 15. e5 c4 16. Nb5 Qxa4 17. Nc7+ Kd8 18. Bxa5 Rxb3 19. Nxe6+ Kc8 20. cxb3 Qa1+ 21. Kc2 cxb3+ 22. Kd3 Qxa5 23. Rc1+ Kb8 24. Qe1 Qd5+ 25. Nd4 Bb5+ 0-1

[Event "Quebec-ch"]
[Site "Longueuil CAN"]
[Date "1997.06.07"]
[Round "3"]
[White "Lesiege, Alexandre"]
[Black "Filion, Charles"]
[Result "1-0"]
[WhiteElo "2500"]
[BlackElo "2155"]
[WhiteFideId "-1"]
[WhiteFideId "-1"]
[PlyCount "73"]
[GameId "2160767911965678"]
[EventDate "1997.06.05"]
[EventType "tourn"]
[EventRounds "9"]
[EventCountry "CAN"]
[SourceTitle "EXP 58"]
[Source "ChessBase"]
[SourceDate "1997.07.29"]
[SourceVersion "1"]
[SourceVersionDate "1997.07.29"]
[SourceQuality "1"]

1. d4 Nf6 2. c4 e6 3. Nc3 Bb4 4. e3 c5 5. Bd3 Nc6 6. Nge2 cxd4 7. exd4 d5 8. O-O dxc4 9. Bxc4 O-O 10. a3 Be7 11. Qd3 a6 12. Ba2 b5 13. Bg5 b4 14. Bb1 g6 15. axb4 Nxb4 16. Qf3 Rb8 17. h4 Nbd5 18. Bc1 Nxc3 19. bxc3 Bb7 20. Qh3 Bd5 21. Bh6 Re8 22. Nf4 Bc4 23. Re1 Nd5 24. h5 Nxf4 25. Bxf4 Rb5 26. hxg6 hxg6 27. Be5 Bf6 28. Qh6 Bxe5 29. dxe5 Re7 30. Re4 Be2 31. Bc2 Bh5 32. g4 Rb2 33. gxh5 Rxc2 34. hxg6 Rd7 35. Qh7+ Kf8 36. g7+ Ke7 37. Qh4+ 1-0